[Event "SWE-ch 2018"]
[Site "Ronneby"]
[Date "2018.07.07"]
[Round "8"]
[White "Smith, Axel"]
[Black "Von Bahr, Oskar"]
[Result "1/2-1/2"]
[WhiteElo "2491"]
[BlackElo "2434"]
[Annotator "ChessBase"]
[PlyCount "122"]
[EventDate "2018.06.30"]
[EventType "tourn"]
[EventCountry "SWE"]
[SourceTitle "playchess.com"]
[Source "ChessBase"]
[SourceQuality "1"]
[TimeControl "40/5400+30:1800+30"]

1. d4 {[%emt 0:00:00]} Nf6 {[%emt 0:00:00]} 2. Bg5 {[%emt 0:00:00]} Ne4 {[%emt 0:00:32]} 3. Bf4 {[%emt 0:00:00]} d5 {[%emt 0:00:15]} 4. e3 {[%emt 0:00:00]} c5 {[%emt 0:00:31]} 5. Bd3 {[%emt 0:00:00]} cxd4 {[%emt 0:00:25]} 6. exd4 {[%emt 0:00:56]} g6 {[%emt 0:01:05]} 7. Nd2 {[%emt 0:09:31]} Bg7 {[%emt 0:12:54]} 8. Ngf3 {[%emt 0:16:10]} Nxd2 {[%emt 0:12:46]} 9. Qxd2 {[%emt 0:00:46]} Nc6 {[%emt 0:00:23]} 10. h3 {[%emt 0:12:38]} O-O {[%emt 0:13:49]} 11. c3 {[%emt 0:02:05]} f6 {[%emt 0:06:17]} 12. Bh6 {[%emt 0:08:16]} e5 {[%emt 0:06:03]} 13. dxe5 {[%emt 0:01:34]} fxe5 {[%emt 0:01:42]} 14. Bxg7 {[%emt 0:00:16]} Kxg7 {[%emt 0:00:11]} 15. Bb5 {[%emt 0:05:34]} e4 {[%emt 0:15:21]} 16. Bxc6 {[%emt 0:14:58]} bxc6 {[%emt 0:03:53]} 17. Qd4+ {[%emt 0:00:14]} Kg8 {[%emt 0:02:49]} 18. Ne5 {[%emt 0:06:14]} Qf6 {[%emt 0:01:43]} 19. O-O {[%emt 0:01:32]} Ba6 {[%emt 0:02:34]} 20. Rfe1 {[%emt 0:03:19]} Rad8 {[%emt 0:02:21]} 21. Qxa7 {[%emt 0:06:29]} Bc8 {[%emt 0:00:56]} 22. Ng4 {[%emt 0:00:01]} Bxg4 {[%emt 0:00:17]} 23. hxg4 {[%emt 0:00:01]} Qf4 {[%emt 0:02:02]} 24. Qb6 {[%emt 0:03:51]} Rb8 {[%emt 0:01:18]} 25. Qe3 {[%emt 0:00:03]} Rxb2 {[%emt 0:01:39]} 26. Qxf4 {[%emt 0:01:29]} Rxf4 {[%emt 0:00:01]} 27. Rf1 {[%emt 0:00:05]} Rxg4 {[%emt 0:02:34]} 28. a4 {[%emt 0:00:01]} Rf4 {[%emt 0:00:43]} 29. a5 {[%emt 0:01:54]} Rf7 {[%emt 0:00:43]} 30. c4 {[%emt 0:05:00]} Ra7 {[%emt 0:03:40]} 31. Rfd1 {[%emt 0:00:52]} dxc4 {[%emt 0:00:47]} 32. Rd4 {[%emt 0:01:20]} c3 {[%emt 0:01:33]} 33. Rxe4 {[%emt 0:00:01]} c2 {[%emt 0:00:33]} 34. Ree1 {[%emt 0:00:01]} Ra6 {[%emt 0:01:24]} 35. Rec1 {[%emt 0:00:43]} Kf7 {[%emt 0:00:34]} 36. Kf1 {[%emt 0:00:02]} Ke6 {[%emt 0:00:52]} 37. Ke2 {[%emt 0:00:04]} Kd5 {[%emt 0:00:26]} 38. Kd2 {[%emt 0:01:43]} Rb5 {[%emt 0:01:24]} 39. Rxc2 {[%emt 0:00:02]} Rbxa5 {[%emt 0:00:15]} 40. Rh1 {[%emt 0:01:34]} Ra2 {[%emt 0:01:15]} 41. Rxa2 {[%emt 0:05:31]} Rxa2+ {[%emt 0:00:01]} 42. Ke3 {[%emt 0:00:03]} Ra3+ {[%emt 0:02:48]} 43. Kf4 {[%emt 0:01:46]} Ra4+ {[%emt 0:07:39]} 44. Ke3 {[%emt 0:05:09]} Re4+ {[%emt 0:01:33]} 45. Kd3 {[%emt 0:01:16]} h5 {[%emt 0:01:54]} 46. Ra1 {[%emt 0:01:16]} c5 {[%emt 0:02:22]} 47. Ra8 {[%emt 0:02:50]} Rd4+ {[%emt 0:05:02]} 48. Kc3 {[%emt 0:00:36]} Rg4 {[%emt 0:03:37]} 49. Rd8+ {[%emt 0:00:20]} Ke6 {[%emt 0:00:50]} 50. g3 {[%emt 0:00:30]} g5 {[%emt 0:02:39]} 51. Kd3 {[%emt 0:04:53]} Ra4 {[%emt 0:02:36]} 52. Rc8 {[%emt 0:02:33]} Rd4+ {[%emt 0:01:09]} 53. Ke3 {[%emt 0:00:35]} Kd5 {[%emt 0:01:40]} 54. Rh8 {[%emt 0:01:16]} h4 {[%emt 0:00:49]} 55. Rh5 {[%emt 0:00:16]} Re4+ {[%emt 0:01:36]} 56. Kd3 {[%emt 0:02:48]} hxg3 {[%emt 0:01:27]} 57. Rxg5+ {[%emt 0:00:09]} Re5 {[%emt 0:00:05]} 58. Rxe5+ {[%emt 0:00:31]} Kxe5 {[%emt 0:00:05]} 59. fxg3 {[%emt 0:00:05]} Kf5 {[%emt 0:00:08]} 60. Kc4 {[%emt 0:00:02]} Kg4 61. Kxc5 Kxg3 {[%emt 0:00:48]} 1/2-1/2

[Event "SWE-ch 2018"]
[Site "Ronneby"]
[Date "2018.07.07"]
[Round "8"]
[White "Seo, Jung Min"]
[Black "Hector, Jonny"]
[Result "1/2-1/2"]
[WhiteElo "2347"]
[BlackElo "2499"]
[Annotator "TA"]
[PlyCount "109"]
[EventDate "2018.06.30"]
[EventType "tourn"]
[EventCountry "SWE"]
[SourceTitle "playchess.com"]
[Source "ChessBase"]
[SourceQuality "1"]

{[%evp 25,109,8,4,1,19,-10,0,-23,36,14,75,64,86,95,125,100,169,175,175,160,173,169,173,174,197,115,115,120,108,117,119,76,79,79,75,75,75,75,88,75,75,75,75,75,92,75,75,75,75,75,75,75,75,0,75,0,0,0,0,0,0,0,0,0,0,0,0,0,0,0,0,0,0,0,0,0,0,0,0,0,0,0,0,0,0,0]} 1. d4 d5 2. c4 c6 3. e3 Nf6 4. Nc3 Bf5 5. Nf3 e6 6. Nh4 Be4 7. f3 Bg6 8. Qb3 Qc7 9. Bd2 {D12: Slav Defence: 3 Nf3 Nf6 4 e3 Bf5} Be7 10. Nxg6 (10. g3 Nbd7 11. cxd5 exd5 12. O-O-O a5 13. Nxg6 hxg6 14. Qc2 a4 15. e4 a3 16. e5 axb2+ {0-1 (59) Le,Q (2737)-Mamedov,R (2709) Huaian 2017}) 10... hxg6 11. cxd5 cxd5 12. O-O-O Nc6 13. Kb1 a6 {LiveBook: 31 Games} 14. Rc1 Rc8 15. g4 Nd7 16. Qd1 $146 ({Predecessor:} 16. f4 Na5 {½-½ (38) Praveen Kumar,C (2321)-Ravichandran,S (2387) Mumbai 2011}) 16... b5 ({Black should try} 16... Rxh2 $11 17. Bd3 Qg3) 17. f4 f5 (17... Nb6 $11) 18. h4 $16 {[%cal Bh2h4,Bh4h5][%mdl 32]} Nb6 (18... Rxh4 $2 19. Rxh4 Bxh4 20. gxf5 $18) 19. h5 Rb8 20. Qf3 b4 (20... Qb7 $16 {was necessary.}) 21. Nd1 $18 Nc4 22. Bxc4 dxc4 23. hxg6 ({And not} 23. Rxc4 Ne5 $11) 23... Rxh1 24. Qxh1 c3 {[#]} 25. Bxc3 $1 {[%mdl 512]} bxc3 $16 26. Rxc3 Rb6 27. gxf5 Qd7 28. fxe6 Qxe6 29. d5 Qxg6+ {[#]} 30. f5 $1 {[%mdl 512]} Qxf5+ 31. e4 Qg6 32. Rxc6 Rxc6 33. dxc6 Qxc6 34. Nc3 Bf6 35. Nd5 Qc4 36. Qh5+ Kf8 37. Qf3 Qd4 {[%csl Gf6][%cal Rd4b2]} 38. Nxf6 gxf6 {[%mdl 4096] Endgame KQ-KQ} 39. a3 (39. a4 $16) 39... a5 {[#]} (39... Ke7 $11 {remains equal.}) 40. Qe2 (40. a4 $1 $16) 40... a4 $11 {The position is equal.} 41. Ka2 Ke7 42. Qc2 Ke6 43. b3 axb3+ 44. Kxb3 {aiming for Qc4+.} Ke5 45. a4 {And now a5 would win.} Qb6+ $1 46. Ka3 Qd6+ 47. Ka2 Qb4 48. Qc7+ Kxe4 49. a5 Qa4+ 50. Kb2 Qb4+ 51. Kc2 {Threatens to win with Qc6+.} Qa4+ 52. Kb1 $1 Qb3+ 53. Ka1 $1 Qa3+ 54. Kb1 Qb3+ 55. Ka1 $1 {Precision: White = 68%, Black = 56%.} 1/2-1/2

[Event "SWE-ch 2018"]
[Site "Ronneby"]
[Date "2018.07.08"]
[Round "9"]
[White "Hillarp Persson, Tiger"]
[Black "Grandelius, Nils"]
[Result "0-1"]
[WhiteElo "2534"]
[BlackElo "2668"]
[Annotator "ChessBase"]
[PlyCount "76"]
[EventDate "2018.06.30"]
[EventType "tourn"]
[EventCountry "SWE"]
[SourceTitle "playchess.com"]
[Source "ChessBase"]
[SourceQuality "1"]
[TimeControl "40/5400+30:1800+30"]

1. Nf3 {[%emt 0:00:00]} d5 {[%emt 0:00:21]} 2. c4 {[%emt 0:00:00]} e6 {[%emt 0:02:10]} 3. g3 {[%emt 0:00:52]} dxc4 {[%emt 0:02:40]} 4. Qa4+ {[%emt 0:01:18]} Bd7 {[%emt 0:05:37]} 5. Qxc4 {[%emt 0:01:13]} c5 {[%emt 0:00:02]} 6. Bg2 {[%emt 0:05:05]} Bc6 {[%emt 0:01:08]} 7. O-O {[%emt 0:03:40]} Nf6 {[%emt 0:00:21]} 8. Nc3 {[%emt 0:06:28]} Nbd7 {[%emt 0:09:29]} 9. a4 {[%emt 0:00:10]} Be7 {[%emt 0:03:28]} 10. d3 {[%emt 0:14:30]} O-O {[%emt 0:01:45]} 11. Qb3 {[%emt 0:02:25]} Rc8 {[%emt 0:06:44]} 12. a5 {[%emt 0:07:01]} Nd5 {[%emt 0:21:54]} 13. Nd2 {[%emt 0:11:14]} Nb8 {[%emt 0:00:24]} 14. Nxd5 {[%emt 0:08:05]} exd5 {[%emt 0:04:10]} 15. e4 {[%emt 0:00:48]} dxe4 {[%emt 0:00:02]} 16. dxe4 {[%emt 0:00:13]} b5 {[%emt 0:00:12]} 17. axb6 {[%emt 0:00:32]} axb6 {[%emt 0:00:13]} 18. Nc4 {[%emt 0:01:38]} b5 {[%emt 0:00:09]} 19. Ne3 {[%emt 0:01:00]} c4 {[%emt 0:02:02]} 20. Qc2 {[%emt 0:00:07]} Nd7 {[%emt 0:02:56]} 21. Rd1 {[%emt 0:03:40]} Ra8 {[%emt 0:05:30]} 22. Rxa8 {[%emt 0:03:10]} Qxa8 {[%emt 0:00:19]} 23. Nf5 {[%emt 0:03:00]} Re8 {[%emt 0:00:49]} 24. b3 {[%emt 0:06:03]} Bf8 {[%emt 0:09:37]} 25. bxc4 {[%emt 0:04:20]} b4 {[%emt 0:00:04]} 26. Bb2 {[%emt 0:07:16]} Ba4 {[%emt 0:02:58]} 27. Qd2 {[%emt 0:01:28]} Bxd1 {[%emt 0:00:09]} 28. Qxd1 {[%emt 0:00:49]} Ne5 {[%emt 0:01:39]} 29. f4 {[%emt 0:00:30]} Rd8 {[%emt 0:02:09]} 30. Qe2 {[%emt 0:00:46]} Qa7+ {[%emt 0:01:44]} 31. Kh1 {[%emt 0:00:08]} Nd3 {[%emt 0:02:24]} 32. h4 {[%emt 0:00:38]} Nxb2 {[%emt 0:01:25]} 33. Qxb2 {[%emt 0:02:06]} g6 {[%emt 0:00:52]} 34. Qf6 {[%emt 0:00:07]} Rd1+ {[%emt 0:00:06]} 35. Kh2 {[%emt 0:00:05]} gxf5 {[%emt 0:00:09]} 36. Qxf5 {[%emt 0:00:52]} Qd7 {[%emt 0:01:37]} 37. Qg5+ {[%emt 0:00:26]} Bg7 {[%emt 0:00:32]} 38. e5 {[%emt 0:00:20]} h6 {[%emt 0:00:58]} 0-1

[Event "SWE-ch 2018"]
[Site "Ronneby"]
[Date "2018.07.08"]
[Round "9"]
[White "Blomqvist, Erik"]
[Black "Westerberg, Jonathan"]
[Result "1-0"]
[WhiteElo "2505"]
[BlackElo "2517"]
[Annotator "ChessBase"]
[PlyCount "89"]
[EventDate "2018.06.30"]
[EventType "tourn"]
[EventCountry "SWE"]
[SourceTitle "playchess.com"]
[Source "ChessBase"]
[SourceQuality "1"]
[TimeControl "40/5400+30:1800+30"]

1. e4 {[%emt 0:02:52]} e5 {[%emt 0:00:01]} 2. Nf3 {[%emt 0:01:00]} Nf6 {[%emt 0:00:32]} 3. Nxe5 {[%emt 0:00:11]} d6 {[%emt 0:00:17]} 4. Nf3 {[%emt 0:00:04]} Nxe4 {[%emt 0:00:11]} 5. d3 {[%emt 0:00:06]} Nf6 {[%emt 0:00:22]} 6. d4 {[%emt 0:00:07]} d5 {[%emt 0:00:19]} 7. Bd3 {[%emt 0:00:08]} Bd6 {[%emt 0:00:10]} 8. Qe2+ {[%emt 0:00:11]} Be6 {[%emt 0:00:58]} 9. Ng5 {[%emt 0:06:29]} Qe7 {[%emt 0:00:08]} 10. Nxe6 {[%emt 0:00:07]} fxe6 {[%emt 0:00:14]} 11. O-O {[%emt 0:00:55]} Nc6 {[%emt 0:01:23]} 12. c3 {[%emt 0:01:00]} e5 {[%emt 0:01:43]} 13. dxe5 {[%emt 0:10:02]} Qxe5 {[%emt 0:02:51]} 14. Qxe5+ {[%emt 0:07:35]} Nxe5 {[%emt 0:00:17]} 15. Bc2 {[%emt 0:00:22]} O-O {[%emt 0:02:18]} 16. Nd2 {[%emt 0:03:36]} Rae8 {[%emt 0:16:57]} 17. h3 {[%emt 0:02:57]} c6 {[%emt 0:02:49]} 18. a4 {[%emt 0:08:03]} Nh5 {[%emt 0:10:29]} 19. g3 {[%emt 0:07:23]} a5 {[%emt 0:12:29]} 20. Kg2 {[%emt 0:02:16]} Nf6 {[%emt 0:00:57]} 21. Rb1 {[%emt 0:16:05]} Re7 {[%emt 0:17:18]} 22. Re1 {[%emt 0:03:07]} Rfe8 {[%emt 0:04:09]} 23. Nb3 {[%emt 0:04:43]} Nc4 {[%emt 0:01:12]} 24. Rxe7 {[%emt 0:00:09]} Rxe7 {[%emt 0:00:01]} 25. Nd4 {[%emt 0:00:45]} Bc5 {[%emt 0:03:30]} 26. Bd3 {[%emt 0:01:43]} Re1 {[%emt 0:07:00]} 27. Nf3 {[%emt 0:03:36]} Re8 {[%emt 0:00:15]} 28. b3 {[%emt 0:02:16]} Nd6 {[%emt 0:00:28]} 29. Bd2 {[%emt 0:02:46]} Nfe4 {[%emt 0:02:11]} 30. Be1 {[%emt 0:00:05]} Bb6 {[%emt 0:00:15]} 31. Nd4 {[%emt 0:03:54]} Kf7 {[%emt 0:01:38]} 32. h4 {[%emt 0:00:22]} Kg8 {[%emt 0:02:09]} 33. Bf1 {[%emt 0:01:38]} Nf6 {[%emt 0:02:26]} 34. Rd1 {[%emt 0:01:00]} Kf7 {[%emt 0:02:02]} 35. Bd3 {[%emt 0:02:03]} g6 {[%emt 0:02:31]} 36. Nf3 {[%emt 0:02:33]} Nfe4 {[%emt 0:00:17]} 37. Bc2 {[%emt 0:00:36]} Kg7 {[%emt 0:03:21]} 38. c4 {[%emt 0:01:29]} Nf5 {[%emt 0:00:41]} 39. cxd5 {[%emt 0:04:34]} Nexg3 {[%emt 0:01:29]} 40. dxc6 {[%emt 0:00:18]} bxc6 {[%emt 0:00:02]} 41. Rd7+ {[%emt 0:04:01]} Kg8 {[%emt 0:01:25]} 42. Bd3 {[%emt 0:08:28]} Ne4 {[%emt 0:00:46]} 43. Bc4+ {[%emt 0:01:22]} Kh8 {[%emt 0:01:27]} 44. Ng5 {[%emt 0:01:28]} Nxh4+ {[%emt 0:05:18]} 45. Kf1 {[%emt 0:00:54]} 1-0

[Event "SWE-ch 2018"]
[Site "Ronneby"]
[Date "2018.07.08"]
[Round "9"]
[White "Hector, Jonny"]
[Black "Smith, Axel"]
[Result "1/2-1/2"]
[WhiteElo "2499"]
[BlackElo "2491"]
[Annotator "ChessBase"]
[PlyCount "109"]
[EventDate "2018.06.30"]
[EventType "tourn"]
[EventCountry "SWE"]
[SourceTitle "playchess.com"]
[Source "ChessBase"]
[SourceQuality "1"]
[TimeControl "40/5400+30:1800+30"]

1. e4 {[%emt 0:00:00]} e5 {[%emt 0:00:00]} 2. d4 {[%emt 0:00:00]} exd4 {[%emt 0:00:00]} 3. Nf3 {[%emt 0:00:00]} Bb4+ {[%emt 0:00:19]} 4. c3 {[%emt 0:00:26]} dxc3 {[%emt 0:00:06]} 5. Nxc3 {[%emt 0:00:07]} Bxc3+ {[%emt 0:00:53]} 6. bxc3 {[%emt 0:00:03]} Ne7 {[%emt 0:00:10]} 7. Bc4 {[%emt 0:00:48]} O-O {[%emt 0:02:59]} 8. e5 {[%emt 0:00:45]} d5 {[%emt 0:06:22]} 9. exd6 {[%emt 0:01:59]} Qxd6 {[%emt 0:00:37]} 10. Qxd6 {[%emt 0:00:48]} cxd6 {[%emt 0:00:02]} 11. Ba3 {[%emt 0:00:40]} Re8 {[%emt 0:15:52]} 12. O-O-O {[%emt 0:04:58]} d5 {[%emt 0:01:48]} 13. Rhe1 {[%emt 0:02:41]} Be6 {[%emt 0:03:43]} 14. Bb3 {[%emt 0:05:14]} Nbc6 {[%emt 0:01:14]} 15. Ng5 {[%emt 0:00:31]} Bf5 {[%emt 0:22:26]} 16. Bxe7 {[%emt 0:02:07]} Nxe7 {[%emt 0:03:48]} 17. Ba4 {[%emt 0:02:22]} Nc6 {[%emt 0:00:11]} 18. Rxe8+ {[%emt 0:00:16]} Rxe8 {[%emt 0:00:02]} 19. Rxd5 {[%emt 0:00:19]} g6 {[%emt 0:01:38]} 20. Kd2 {[%emt 0:11:44]} Re7 {[%emt 0:01:45]} 21. Nf3 {[%emt 0:07:39]} Be4 {[%emt 0:04:11]} 22. Bxc6 {[%emt 0:01:30]} bxc6 {[%emt 0:00:02]} 23. Ra5 {[%emt 0:00:59]} Kf8 {[%emt 0:05:14]} 24. Ne1 {[%emt 0:02:58]} h5 {[%emt 0:02:07]} 25. f3 {[%emt 0:02:43]} Bf5 {[%emt 0:00:06]} 26. Rc5 {[%emt 0:05:10]} Rd7+ {[%emt 0:07:04]} 27. Ke3 {[%emt 0:01:18]} Re7+ {[%emt 0:00:18]} 28. Kf2 {[%emt 0:00:13]} Rc7 {[%emt 0:02:29]} 29. h3 {[%emt 0:02:45]} Ke7 {[%emt 0:01:03]} 30. g4 {[%emt 0:00:10]} hxg4 {[%emt 0:00:06]} 31. hxg4 {[%emt 0:00:18]} Kd6 {[%emt 0:04:28]} 32. Ra5 {[%emt 0:00:36]} Be6 {[%emt 0:03:07]} 33. Nd3 {[%emt 0:00:51]} Re7 {[%emt 0:02:05]} 34. Nc5 {[%emt 0:04:51]} Bd5 {[%emt 0:00:39]} 35. g5 {[%emt 0:00:35]} Re5 {[%emt 0:06:50]} 36. f4 {[%emt 0:07:30]} Re7 {[%emt 0:00:02]} 37. Nd3 {[%emt 0:07:11]} Re4 {[%emt 0:04:04]} 38. Rxa7 {[%emt 0:00:33]} Bc4 {[%emt 0:00:19]} 39. Ra8 {[%emt 0:00:33]} Bxd3 {[%emt 0:00:19]} 40. Rd8+ {[%emt 0:00:13]} Ke6 {[%emt 0:00:56]} 41. Rxd3 {[%emt 0:31:49]} Rxf4+ {[%emt 0:30:14]} 42. Kg3 {[%emt 0:04:17]} Ra4 {[%emt 0:00:00]} 43. Rf3 {[%emt 0:00:00]} Ra7 {[%emt 0:00:00]} 44. Rf4 {[%emt 0:00:00]} Rxa2 {[%emt 0:00:00]} 45. Rf6+ {[%emt 0:00:00]} Kd5 {[%emt 0:00:00]} 46. Rxf7 {[%emt 0:00:00]} Rc2 {[%emt 0:00:00]} 47. Rf6 {[%emt 0:00:00]} Rxc3+ {[%emt 0:00:00]} 48. Kf4 {[%emt 0:00:00]} Rc4+ {[%emt 0:00:00]} 49. Kf3 {[%emt 0:00:00]} Ke5 {[%emt 0:00:00]} 50. Rxg6 {[%emt 0:00:00]} Kf5 {[%emt 0:00:00]} 51. Rg8 {[%emt 0:00:00]} Rf4+ {[%emt 0:00:00]} 52. Ke3 {[%emt 0:00:00]} Rg4 {[%emt 0:00:00]} 53. Rc8 {[%emt 0:00:00]} Rxg5 {[%emt 0:00:00]} 54. Rxc6 {[%emt 0:00:00]} Rg6 {[%emt 0:00:00]} 55. Rc5+ {[%emt 0:00:00] Ke5 Ke4+} 1/2-1/2

[Event "SWE-ch 2018"]
[Site "Ronneby"]
[Date "2018.07.08"]
[Round "9"]
[White "Cramling, Pia"]
[Black "Seo, Jung Min"]
[Result "1-0"]
[WhiteElo "2452"]
[BlackElo "2347"]
[Annotator "RC"]
[PlyCount "53"]
[EventDate "2018.06.30"]
[EventType "tourn"]
[EventCountry "SWE"]
[SourceTitle "playchess.com"]
[Source "ChessBase"]
[SourceQuality "1"]
[TimeControl "40/5400+30:1800+30"]

1. d4 {[%emt 0:00:00]} d5 {[%emt 0:00:00]} 2. c4 {[%emt 0:00:08]} c6 {[%emt 0:00:00]} 3. cxd5 {[%emt 0:00:56]} cxd5 {[%emt 0:00:00]} 4. Bf4 {[%emt 0:00:39]} Nc6 {[%emt 0:00:00]} 5. Nc3 {[%emt 0:01:33]} Nf6 {[%emt 0:00:06]} 6. e3 {[%emt 0:01:07]} Bf5 {[%emt 0:07:01]} 7. Qb3 {[%emt 0:02:56]} Na5 {[%emt 0:00:30]} 8. Qa4+ {[%emt 0:00:24]} Bd7 {[%emt 0:01:24]} 9. Qc2 {[%emt 0:00:25]} Rc8 {[%emt 0:02:58]} 10. Bd3 {[%emt 0:01:49]} e6 {[%emt 0:00:55]} 11. Nf3 {[%emt 0:01:16]} Be7 {[%emt 0:02:25]} 12. O-O {[%emt 0:01:25]} O-O {[%emt 0:00:47]} 13. Ne5 {[%emt 0:09:29]} Nc4 {[%emt 0:24:52]} 14. Rfc1 {[%emt 0:05:18]} Nd6 {[%emt 0:06:00]} 15. Qd1 {[%emt 0:09:05]} Bc6 {[%emt 0:07:45]} 16. h3 {[%emt 0:03:59]} Nd7 {[%emt 0:03:35]} 17. Nxc6 {[%emt 0:07:18]} bxc6 {[%emt 0:03:40]} 18. Qc2 {[%emt 0:05:17]} h6 {[%emt 0:02:16]} 19. Na4 {[%emt 0:09:11]} Nb5 {[%emt 0:01:53]} 20. a3 {[%emt 0:01:03]} a5 {[%emt 0:05:13]} 21. Qe2 {[%emt 0:01:07]} Nd6 {[%emt 0:02:32]} 22. Ba6 {[%emt 0:01:51]} Rc7 {[%emt 0:00:07]} 23. Rc2 {[%emt 0:01:24]} Qa8 {[%emt 0:01:38]} 24. Rac1 {[%emt 0:01:26]} Nb8 {[%emt 0:01:46]} 25. Bd3 {[%emt 0:00:19]} Nd7 {[%emt 0:03:00]} 26. Rc3 {[%emt 0:05:03]} Rfc8 {[%emt 0:02:30]} 27. Qf3 {[%emt 0:05:01]} 1-0

[Event "SWE-ch 2018"]
[Site "Ronneby"]
[Date "2018.07.08"]
[Round "9"]
[White "Von Bahr, Oskar"]
[Black "Tikkanen, Hans"]
[Result "0-1"]
[WhiteElo "2434"]
[BlackElo "2495"]
[Annotator "ChessBase"]
[PlyCount "67"]
[EventDate "2018.06.30"]
[EventType "tourn"]
[EventCountry "SWE"]
[SourceTitle "playchess.com"]
[Source "ChessBase"]
[SourceQuality "1"]
[TimeControl "40/5400+30:1800+30"]

1. e4 {[%emt 0:00:00]} c6 {[%emt 0:00:00]} 2. d4 {[%emt 0:00:00]} d5 {[%emt 0:00:00]} 3. Nc3 {[%emt 0:00:00]} dxe4 {[%emt 0:00:00]} 4. Nxe4 {[%emt 0:00:00]} Bf5 {[%emt 0:00:00]} 5. Nc5 {[%emt 0:00:00]} b6 {[%emt 0:12:51]} 6. Nb3 {[%emt 0:00:06]} e6 {[%emt 0:00:56]} 7. Nf3 {[%emt 0:01:12]} Bd6 {[%emt 0:03:52]} 8. g3 {[%emt 0:01:01]} h6 {[%emt 0:04:38]} 9. Bg2 {[%emt 0:00:59]} Ne7 {[%emt 0:01:11]} 10. O-O {[%emt 0:00:56]} Nd7 {[%emt 0:04:53]} 11. Re1 {[%emt 0:06:07]} Rc8 {[%emt 0:08:24]} 12. Nbd2 {[%emt 0:08:19]} O-O {[%emt 0:03:25]} 13. Nc4 {[%emt 0:05:23]} Bb8 {[%emt 0:03:44]} 14. b3 {[%emt 0:03:44]} c5 {[%emt 0:05:45]} 15. a4 {[%emt 0:13:35]} Nc6 {[%emt 0:14:36]} 16. Ba3 {[%emt 0:07:01]} Qf6 {[%emt 0:01:15]} 17. Ne3 {[%emt 0:20:25]} Bh7 {[%emt 0:13:33]} 18. Qe2 {[%emt 0:03:24]} Rfd8 {[%emt 0:12:13]} 19. d5 {[%emt 0:06:55]} Nd4 {[%emt 0:00:13]} 20. Nxd4 {[%emt 0:00:58]} cxd4 {[%emt 0:00:07]} 21. Bb2 {[%emt 0:04:05]} e5 {[%emt 0:03:22]} 22. Nc4 {[%emt 0:00:13]} Nc5 {[%emt 0:02:38]} 23. Rad1 {[%emt 0:05:22]} Qf5 {[%emt 0:00:30]} 24. Nxe5 {[%emt 0:07:27]} Bxe5 {[%emt 0:00:51]} 25. Qxe5 {[%emt 0:00:05]} Qxe5 {[%emt 0:00:07]} 26. Rxe5 {[%emt 0:00:02]} Bxc2 {[%emt 0:00:13]} 27. Rxd4 {[%emt 0:01:05]} Nd3 {[%emt 0:00:17]} 28. Re2 {[%emt 0:03:21]} Nxb2 {[%emt 0:00:15]} 29. Rdd2 {[%emt 0:02:09]} Bf5 {[%emt 0:01:31]} 30. Be4 Bh3 {[%emt 0:01:57]} 31. f4 {[%emt 0:01:02]} Rc1+ {[%emt 0:00:21]} 32. Kf2 {[%emt 0:00:07]} Nd1+ {[%emt 0:00:34]} 33. Kf3 {[%emt 0:00:03]} Nc3 {[%emt 0:00:17]} 34. Rf2 {[%emt 0:01:12]} 0-1